00934nam a22001457a 4500003000500000005001700005008004100022020002200063082001600085100001500101245004200116260002800158300002100186505058100207NUST20221208103912.0221208b ||||| |||| 00| 0 eng d a978-81-203-4849-3 a530.23, VER aVerma, N.K aPhysics for Engineering: cN.K Verma  aIndiabPHI Press c2014 axxi, 573: pages  aSpecial Theory of Relativity (Page-1), Nuclear Physics (Page-35), Quantum Physics (Page-67), Elements of Crystallography (Page-123), Free Electronic Theory of Metals (Page-151), Magnetic Materials and Superconductivity (Page-167), Band Theory of Solids (Page-189), Semiconductors (Page-199), Dielectrics (Page-216), Nanophysics (Page-234), Electromagnetic Waves (Page-257), Interference (Page-304), Diffraction (Page-350), Polarisation (Page-387), Lasers (Page-423), Fiber Optics (Page-468), Ultrasonics (Page-488), Acoustics of Building (Page-505), Oscillations (Page-525).